000 01751nam a2200241Ia 4500
008 260220t1999||||xx |||||||||||||| ||spa||
040 _aPY-SlUNAC
_bspa
_erda
041 _aspa
082 _a658.09
_bD84n
100 _aDrucker, Peter
_eAutor
245 0 _aLas nuevas realidades /
_cpor Peter Drucker [Autor]
264 _aBuenos Aires :
_bSudamericana,
_c℗1999.
300 _a1 volumen
520 _aEn "Las nuevas realidades", Peter Drucker examina los cambios profundos y complejos que afectan el mundo contemporáneo, especialmente en el ámbito empresarial y social. A través de un análisis riguroso, Drucker identifica tendencias clave como la globalización, el avance tecnológico y el cambio demográfico, que redefinen la dinámica del trabajo y la organización. Propone que las empresas deben adaptarse a un entorno en constante evolución, enfatizando la importancia de la innovación y la gestión del conocimiento como pilares para el éxito. Además, explora el impacto de la economía del conocimiento y la necesidad de desarrollar una fuerza laboral versátil y capacitada. Drucker también aborda la responsabilidad social de las organizaciones, sugiriendo que el éxito no debe medirse únicamente por los beneficios económicos. En conjunto, el libro ofrece una guía estratégica para líderes y gestores, instándolos a anticipar y responder proactivamente a las realidades emergentes del siglo XXI, sentando las bases para un liderazgo efectivo en un mundo incierto.
653 _aCambio social
653 _aGestión
653 _aInnovación
942 _b2026/02/17
_cBK
999 _c8770
_d8770